| 000 | 01316nam0a2200337 4500 | ||
|---|---|---|---|
| 001 | RU\NLR\bibl\1861703 | ||
| 005 | 20260405234809.0 | ||
| 010 |
_a978-5-699-53224-7 _94000 |
||
| 021 |
_aRU _b2011-93786 _9640д/11 |
||
| 035 | _a(NLR Aleph) 001851602 | ||
| 090 |
_a2409632 _c2409632 |
||
| 100 | _a20120127d2012 |||y0rusy50 ca | ||
| 101 | 0 | _arus | |
| 102 | _aRU | ||
| 105 | _aa ||||||||| | ||
| 200 | 1 |
_aОперация "Единая Россия" _eнеизвестная история партии власти _fИлья Жегулев, Людмила Романова |
|
| 210 |
_aМосква _cЭксмо _d2012 |
||
| 215 |
_a301, [2] с., [4] л. цв. ил. _d20 |
||
| 225 | 1 | _aЖурналистское расследование | |
| 320 | _aБиблиогр.: с. 284-285 (20 назв.) | ||
| 601 | 0 | 2 |
_a"Единая Россия", всероссийская политическая партия _92312715 _3RU\NLR\auth\661384055 |
| 686 | _aФ69(2)274.44 | ||
| 700 | 1 |
_aЖегулев _bИ. _f1979- _gИлья _4070 |
|
| 701 | 1 |
_4070 _8rus _7ca _aРоманова _bЛ. _cжурналист _gЛюдмила _3RU\NLR\auth\77108423 _991348 |
|
| 801 | 0 |
_aRU _bNLR _c20120127 _gRCR |
|
| 801 | 1 |
_aRU _bNLR _c20120127 |
|
| 942 | _cBOOK | ||
| 980 | _aNB | ||
| 980 | _aNBR | ||